Statistics for BBC Overseas Sports Personality of the Year

Click here to take the quiz!

General Stats

  • This quiz has been taken 71 times
  • The average score is 23 of 53

Answer Stats

YearNationalitySportWinner% Correct
2004SwitzerlandTennisRoger Federer
90%
2010 SpainTennisRafael Nadal
88%
2008 JamaicaAthleticsUsain Bolt
88%
2014 PortugalFootballCristiano Ronaldo
86%
1973 United StatesBoxingMuhammad Ali
86%
2002 BrazilFootballRonaldo
84%
2000 United StatesGolfTiger Woods
82%
1985 West GermanyTennisBoris Becker
80%
2011 SerbiaTennisNovak Djokovic
78%
1979 SwedenTennisBjörn Borg
73%
1989 United StatesBoxingMike Tyson
73%
 United StatesAthleticsMichael Johnson
67%
1970 BrazilFootballPelé
67%
2005 AustraliaCricketShane Warne
61%
1982 United StatesTennisJimmy Connors
59%
2013 GermanyFormula OneSebastian Vettel
59%
1988 West GermanyTennisSteffi Graf
59%
1984 SpainGolfSeve Ballesteros
57%
1994 Trinidad and TobagoCricketBrian Lara
55%
1980 United StatesGolfJack Nicklaus
55%
1983 United StatesAthleticsCarl Lewis
53%
2015 New ZealandRugby unionDan Carter
51%
1986 AustraliaGolfGreg Norman
51%
1992 United StatesTennisAndre Agassi
49%
2016 United StatesGymnasticsSimone Biles
47%
1966 PortugalFootballEusébio
43%
1995 New ZealandRugby unionJonah Lomu
43%
1987 United StatesTennisMartina Navratilova
43%
1975 United StatesTennisArthur Ashe
41%
2001 CroatiaTennisGoran Ivanišević
41%
1997  SwitzerlandTennisMartina Hingis
39%
1977 AustriaFormula OneNiki Lauda
39%
1981 United StatesTennisChris Evert
37%
1996 United StatesBoxingEvander Holyfield
35%
 South AfricaGolfGary Player
35%
1969 AustraliaTennisRod Laver
35%
1976 RomaniaGymnasticsNadia Comăneci
24%
1971 United StatesGolfLee Trevino
22%
1999 United StatesAthleticsMaurice Greene
22%
 BarbadosCricketGarfield Sobers
20%
1991 United StatesAthleticsMike Powell
16%
1990 AustraliaRugby leagueMal Meninga
12%
1998 United StatesGolfMark O'Meara
12%
1962 CanadaFigure skatingDonald Jackson
10%
1972 Soviet UnionGymnasticsOlga Korbut
10%
1965 AustraliaAthleticsRon Clarke
10%
1960AustraliaAthleticsHerb Elliott
4%
1963 FranceCyclingJacques Anquetil
4%
1964 EthiopiaAthleticsAbebe Bikila
2%
1967 AustraliaHorse racingGeorge Moore
2%
1961 Soviet UnionAthleticsValeriy Brumel
2%
 Soviet UnionFigure skatingLudmila Belousova
0%
1968 Soviet UnionFigure skatingOleg Protopopov
0%

Score Distribution

Percentile by Number Answered

Percent of People with Each Score

Your Score History

You have not taken this quiz